=LDR 00000nam 2200000 4500 =001 INLIS000000000056585 =005 20200929075008 =035 ##$$a 0010-0920000216 =007 ta =008 200929################g##########0#ind## =020 ##$$a 979-3969-04-0 =082 ##$$a 305.4 =084 ##$$a 305.4 YUA p =100 1#$$a Yuarsi, Susi Eja =245 1#$$a Perempuan yang terpuruk : $b Kehamilan tidak dikehendaki di kalangan pengungsi /$c Susi Eja Yuarsi =250 ##$$a cet. 1 =260 ##$$a Yogyakarta :$b UGM,$c 2005 =300 ##$$a xvii,89 hlm, : $b ilus ; $c 14 x 21 cm =600 #4$$a Wanita- Keadaan sosial =990 ##$$a 30617932 =990 ##$$a 30617932